00900nam a22002657a 45000010005000000030006000050050017000110080041000280200015000690400030000840500015001140820011001291000023001402450055001632600040002183000044002584900032003025050008003345200165003425210020005075210020005276000032005476500021005797000034006003262FISKH20250710105406.0240222b cb ||||| |||| 00| 0 eng d a0679863737 aFISKH bengcFISKHdFISKH aPZ7.O81167 a813.54 aOsborne, Mary Pope aSunset of the sabertooth / cby Osborne, Mary Pope aNew York : bRandom House , c1996  a67 pages : billustrations ; c20 cm .  a Magic Tree House vBook 7  aK  aThe magic tree house transports Jack and Annie on a mission to the Ice Age where they encounter Cro-Magnons, cave bears, sabertooth tigers, and woolly mammoths.8 a520 bLexile 8 aK bRaz-Plus  2magic tree house vfiction  amagic vfiction  aMurdocca , Sal eillustrator